Democratic Nepal (Record no. 491136)

000 -LEADER
fixed length control field 00352cam a22001217a 4500
008 - FIXED-LENGTH DATA ELEMENTS--GENERAL INFORMATION
fixed length control field 180718b1992 xxu||||| |||| 00| 0 eng d
082 ## - DEWEY DECIMAL CLASSIFICATION NUMBER
Classification number F5x5415 D535
245 ## - TITLE STATEMENT
Title Democratic Nepal
Statement of responsibility, etc. edited by M.D. Dharamdasani
260 ## - PUBLICATION, DISTRIBUTION, ETC.
Place of publication, distribution, etc. Lanka
Name of publisher, distributor, etc. Shalimar Publishing House
Date of publication, distribution, etc. 1992
300 ## - PHYSICAL DESCRIPTION
Extent 176p.
650 ## - SUBJECT ADDED ENTRY--TOPICAL TERM
Topical term or geographic name entry element Nepal --History --1951-
700 ## - ADDED ENTRY--PERSONAL NAME
Personal name Dharamdasani, M.D.
Holdings
Withdrawn status Lost status Damaged status Not for loan Permanent Location Current Location Date acquired Full call number Barcode Date last seen Price effective from Koha item type
        Indian Institute of Public Administration Indian Institute of Public Administration 2018-08-04 F5x5415 D535 GR15581 2018-08-04 2018-08-04 GR

Powered by Koha